RTPI welcomes new access working group (Record no. 65140)
[ view plain ]
| 000 -LEADER | |
|---|---|
| fixed length control field | 01777cam a2200277 4500 |
| 001 - CONTROL NUMBER | |
| control field | ABS63063 |
| 008 - FIXED-LENGTH DATA ELEMENTS--GENERAL INFORMATION | |
| fixed length control field | 000000n2000 000 0 eng u |
| 035 ## - SYSTEM CONTROL NUMBER | |
| System control number | (Sirsi) u109083 |
| 100 ## - MAIN ENTRY--PERSONAL NAME | |
| Personal name | Fleck, J. |
| 245 ## - TITLE STATEMENT | |
| Title | RTPI welcomes new access working group |
| 260 ## - PUBLICATION, DISTRIBUTION, ETC. | |
| Date of publication, distribution, etc. | 2000 |
| 490 ## - SERIES STATEMENT | |
| Series statement | Planning (for the Natural and Built Environment) |
| Volume/sequential designation | (1392) 27 October 2000, 21(1) |
| 520 ## - SUMMARY, ETC. | |
| Summary, etc. | A new high level working group - the Disabled Persons Transport Advisory Committee (DPTAC) Built Environment Working Group - has been set up to advise government on improving access to the built environment for disabled people. At its first meeting on 30 August the progress of the government's consultation on the draft code of practice on the 2004 provisions of the Disability Discrimination Act (DDA) was discussed. Suggests that with the introduction of the DDA there are likely to be many more planning applications, as employers and service providers adapt their buildings to comply with the Act. Advises local planning authorities to start reviewing their own policies, to ensure that they themselves are not discriminating against disabled people in the way they are providing the planning service. Suggests that the DPTAC working group will be a great asset to those working in the field of planning and access. |
| 590 ## - LOCAL NOTE (RLIN) | |
| Local note | ABS |
| 650 ## - SUBJECT ADDED ENTRY--TOPICAL TERM | |
| Topical term or geographic name entry element | DISABLED PEOPLE |
| 650 ## - SUBJECT ADDED ENTRY--TOPICAL TERM | |
| Topical term or geographic name entry element | DISABILITY DISCRIMINATION ACT |
| 650 ## - SUBJECT ADDED ENTRY--TOPICAL TERM | |
| Topical term or geographic name entry element | MANAGEMENT-BUSINESS MANAGEMENT-DISCRIMINATION-DISABILITY DISCRIMINATION-ACCESSIBILITY |
| 650 ## - SUBJECT ADDED ENTRY--TOPICAL TERM | |
| Topical term or geographic name entry element | DISCRIMINATION |
| 650 ## - SUBJECT ADDED ENTRY--TOPICAL TERM | |
| Topical term or geographic name entry element | ACCESSIBLE BUILDINGS |
| 650 ## - SUBJECT ADDED ENTRY--TOPICAL TERM | |
| Topical term or geographic name entry element | BUILT ENVIRONMENT |
| 650 ## - SUBJECT ADDED ENTRY--TOPICAL TERM | |
| Topical term or geographic name entry element | ACCESS |
| 650 ## - SUBJECT ADDED ENTRY--TOPICAL TERM | |
| Topical term or geographic name entry element | RTPI |
| 650 ## - SUBJECT ADDED ENTRY--TOPICAL TERM | |
| Topical term or geographic name entry element | PLANNING AUTHORITIES |
| 690 ## - LOCAL SUBJECT ADDED ENTRY--TOPICAL TERM (OCLC, RLIN) | |
| Topical term or geographic name as entry element | ENVIRONMENTAL AND LAND CONSULTANCY-PLANNING AND DEVELOPMENT |
| 942 ## - ADDED ENTRY ELEMENTS (KOHA) | |
| Suppress in OPAC | 0 |
| Withdrawn status | Lost status | Source of classification or shelving scheme | Damaged status | Not for loan | Home library | Current library | Shelving location | Date acquired | Total Checkouts | Full call number | Barcode | Date last seen | Copy number | Price effective from | Koha item type |
|---|---|---|---|---|---|---|---|---|---|---|---|---|---|---|---|
| Dewey Decimal Classification | London | London | Journal article | 02/11/2000 | ABS63063 | 109083-1001 | 06/08/2019 | 1 | 06/08/2019 | Journal article |